The Simpsons Minefield Quiz Stats

 Plays Quiz Updated May 10, 2020

Support Sporcle.
Go Orange.
Score 0/68 Timer 10:00
0 Plays Today
OK? D'oh ! % Correct
OK???
92.9%
OK???
91.4%
OK???
90.2%
OK???
89.7%
OK???
84.2%
OK???
56.4%
OK???
54.2%
OK???
52.2%
OK???
51.9%
OK???
44.8%
OK???
42.9%
OK???
40.3%
OK???
39.2%
OK???
38%
OK???
37.9%
OK???
36.3%
OK???
33.1%
OK???
32.8%
OK???
32.5%
OK???
31.1%
OK???
29.8%
OK???
29.6%
OK???
28.1%
OK???
24.4%
OK???
23.8%
OK???
23.2%
OK???
22.6%
OK???
18.4%
No???
17.1%
OK???
16%
OK???
15.2%
OK???
12.8%
OK???
12%
OK???
11.9%
OK? D'oh ! % Correct
OK???
10.9%
OK???
10%
OK???
9.9%
OK???
9.9%
OK???
8.2%
OK???
8%
OK???
8%
OK???
6.7%
OK???
6.6%
OK???
6%
OK???
5.2%
OK???
5%
OK???
4.9%
OK???
4.7%
OK???
4.6%
OK???
4.5%
OK???
3.6%
OK???
3.4%
OK???
3.1%
OK???
3%
OK???
2.6%
OK???
2.4%
OK???
2.4%
OK???
2.3%
OK???
2.2%
OK???
2.2%
OK???
2%
OK???
1.6%
OK???
1.6%
OK???
1.4%
OK???
1.3%
OK???
1.2%
OK???
1.1%
OK???
0.8%

From the Vault

Secret Country XXVIII

by goc3

Geography 60s
At some point, the number of secret countries will outnumber the non-secret ones. But we won't even know because they're secret.
Remove Ads.
Support Sporcle.
Get the best of Sporcle when you Go Orange. This ad-free experience offers more features, more stats, and more fun while also helping to support Sporcle. Thank you for becoming a member.

Show Comments

Extras

Top Quizzes Today


Score Distribution

Your Account Isn't Verified!

In order to create a playlist on Sporcle, you need to verify the email address you used during registration. Go to your Sporcle Settings to finish the process.

Report this User

Report this user for behavior that violates our Community Guidelines.

Details: